01374nam a2200241Ia 450000100060000000300090000600800410001504000130005604000130006904100130008210000190009510000290011424500290014324500280017225000110020026000100021126000100022126000490023130000570028050007400033765000240107765000310110179763IT-RoPAU130308s9999 xx 000 0 und d aIT-RoPAU cIT-RoPAU aFRANCESE aLandowski Eric gCodice Aut. SPICS: 4892 aSocietè reflechie (La) bSociete' reflechie (La) a1a ed. aPARIS bSeuil c1989 [1° Ed.:1989 - Ed.Ling.Originale:1989] a"288 p. (prefazione: no ; testo: 288 [pagine: 0-0])" aSocietà riflessiva Saggi di Socio Semiotica Opinione Pubblica Continuità e Discontinuità Approccio Semiotico e Narrativo del Diritto Oggetto Semiotico Sintassi Modale Attanti e Attori Giochi Ottici Situazioni e posizioni di Comunicazione Interpretazione Confronti Modali Figurazioni messa in scena pubblicitaria di Alcuni Rapporti Sociali Semiotica del quotidiano Due forme di Sociabilità dal pubblicitario al Politico Alcune Condizioni semiotiche dell'Interazione Semiotica e Pragmatica Intersemioticità e Interazione Sincerità fiducia e Intersoggettività simulacri in Costruzione scelta Euristica Razionalità strategiche sistemi di Valori e schemi Narrativi Tipologia Racconto dell'Azione manipolazione e Suoi Limiti aSAGGI DI SEMIOLOGIA eCodice materia Spics: 3257